Shields of pride / (Record no. 173297)

000 -LEADER
fixed length control field 01200cam a22003855a 4500
001 - CONTROL NUMBER
control field 16730643
003 - CONTROL NUMBER IDENTIFIER
control field Nust
005 - DATE AND TIME OF LATEST TRANSACTION
control field 20220217143118.0
008 - FIXED-LENGTH DATA ELEMENTS--GENERAL INFORMATION
fixed length control field 940721s1994 nyu 000 1 eng d
010 ## - LIBRARY OF CONGRESS CONTROL NUMBER
LC control number 2011656178
020 ## - INTERNATIONAL STANDARD BOOK NUMBER
International Standard Book Number 9780751540277
Terms of availability Rs. 556
035 ## - SYSTEM CONTROL NUMBER
System control number (OCoLC)ocm30808300
035 ## - SYSTEM CONTROL NUMBER
System control number (OCoLC)30808300
038 ## - RECORD CONTENT LICENSOR
Staff Name Arshad
040 ## - CATALOGING SOURCE
Original cataloging agency CGL
Transcribing agency CGL
Modifying agency JBL
-- OCL
-- OCLCQ
-- DLC
042 ## - AUTHENTICATION CODE
Authentication code lccopycat
050 00 - LIBRARY OF CONGRESS CALL NUMBER
Classification number CPB Box no. 83 vol. 10
082 ## - DEWEY DECIMAL CLASSIFICATION NUMBER
Classification number 823
Author Mark CHA
100 1# - MAIN ENTRY--PERSONAL NAME
Personal name Chadwick, Elizabeth,
Dates associated with a name 1957-
9 (RLIN) 11895
245 10 - TITLE STATEMENT
Title Shields of pride /
Statement of responsibility, etc. Elizabeth Chadwick.
250 ## - EDITION STATEMENT
Edition statement 1st ed.
260 ## - PUBLICATION, DISTRIBUTION, ETC.
Place of publication, distribution, etc. New York :
Name of publisher, distributor, etc. Ballantine Books,
Date of publication, distribution, etc. 1994.
300 ## - PHYSICAL DESCRIPTION
Extent 361 p. ;
Dimensions 18 cm.
490 0# - SERIES STATEMENT
Series statement Ballantine/Historical Romance
500 ## - GENERAL NOTE
General note Historical romance.
563 ## - BINDING INFORMATION
Binding note P.B
650 ## - SUBJECT ADDED ENTRY--TOPICAL TERM
Topical term or geographic name entry element Families
9 (RLIN) 11113
651 #0 - SUBJECT ADDED ENTRY--GEOGRAPHIC NAME
Geographic name Great Britain
General subdivision History
Chronological subdivision Henry II, 1154-1189
Form subdivision Fiction.
9 (RLIN) 11941
655 #7 - INDEX TERM--GENRE/FORM
Genre/form data or focus term Historical fiction.
Source of term gsafd
9 (RLIN) 417
655 #7 - INDEX TERM--GENRE/FORM
Genre/form data or focus term Love stories.
Source of term gsafd
9 (RLIN) 418
710 2# - ADDED ENTRY--CORPORATE NAME
Corporate name or jurisdiction name as entry element Copyright Paperback Collection (Library of Congress)
Institution to which field applies DLC
9 (RLIN) 1743
906 ## - LOCAL DATA ELEMENT F, LDF (RLIN)
a 7
b cbc
c copycat
d 2
e ncip
f 20
g y-genrareb
942 ## - ADDED ENTRY ELEMENTS (KOHA)
Source of classification or shelving scheme
Koha item type Book
Holdings
Withdrawn status Lost status Source of classification or shelving scheme Damaged status Not for loan Permanent Location Current Location Shelving location Date acquired Total Checkouts Total Renewals Full call number Barcode Date last seen Date last checked out Copy number Price effective from Koha item type
          Central Library (CL) Central Library (CL) Fiction 01/21/2017 1 1 823 CHA CL147 06/09/2023 03/01/2023 1 01/21/2017 Book
© 2023 Central Library, National University of Sciences and Technology. All Rights Reserved.